000 00551nam a2200169 4500
001 108214
003 ES-MaACL
005 20230906184613.0
007 t|
008 061121s1971 sp r ||||1| spa d
100 1 _aMoltmann, Jürgen.
_982071
245 1 0 _aEsperanza y planificación del futuro
_b: perspectivas teológicas /
_cJürgen Moltmann; traducción de Ricardo Blanco Unzúe.
260 _aSalamanca :
_bSígueme,
_c1971.
300 _a490 p. ;
_c19 cm.
700 1 _aBlanco Unzúe, Ricardo.
_929301
852 _aES-MaACL
_jC-39271
_bR.78507
999 _c108214
_d108214